MARC

LEADER 00000nam0a2200000 4500
001 161720
005 20231031160011.0
035 |a (RuTPU)RU\TPU\book\175367 
090 |a 161720 
100 |a 20090611d1963 m y0rusy50 ca 
101 0 |a rus 
102 |a RU 
105 |a a z 001zy 
200 1 |a Параметры и конструктивные особенности современных СПГГ  |e обзор  |f И. П. Воронов, Б. М. Гончар  |g Центральный институт научно-технической информации по автоматизации и машиностроению ЦБТИ 
210 |a Москва  |d 1963 
215 |a 32 с.  |c ил. 
225 1 |a Новые машины, оборудование и средства автоматизации  |e Сер. III-55 
320 |a Библиогр.: с. 33. 
610 1 |a газогенераторные установки 
610 1 |a параметры 
610 1 |a рабочие процессы 
610 1 |a конструкции 
610 1 |a узлы 
675 |a 622.76.032  |v 3 
700 1 |a Воронов  |b И. П. 
701 1 |a Гончар  |b Б. М. 
712 0 2 |a Центральный институт научно-технической информации по автоматизации и машиностроению (ЦИНТИАМ)  |2 stltpush  |3 (RuTPU)RU\TPU\col\16183 
801 1 |a RU  |b 63413507  |c 20090611  |g PSBO 
801 2 |a RU  |b 63413507  |c 20101018  |g RCR 
942 |c BK